In Other Rooms , Other Wonders (Record no. 325910)
[ view plain ]
| 000 -LEADER | |
|---|---|
| fixed length control field | 00247 a2200097 4500 |
| 001 - CONTROL NUMBER | |
| control field | 90837 |
| 003 - CONTROL NUMBER IDENTIFIER | |
| control field | NUST |
| 082 ## - DEWEY DECIMAL CLASSIFICATION NUMBER | |
| Classification number | 823.914 DAN |
| 100 ## - MAIN ENTRY--PERSONAL NAME | |
| Personal name | Daniyal Mueenuddin |
| 9 (RLIN) | 9908 |
| 245 ## - TITLE STATEMENT | |
| Title | In Other Rooms , Other Wonders |
| Statement of responsibility, etc. | Daniyal Mueenuddin |
| 942 ## - ADDED ENTRY ELEMENTS (KOHA) | |
| Institution code [OBSOLETE] | CAE NUST |
| Koha item type | Book |
| Call number prefix | 823.914 DAN |
| Source of classification or shelving scheme | |
| Withdrawn status | Lost status | Damaged status | Not for loan | Collection code | Permanent Location | Current Location | Date acquired | Total Checkouts | Full call number | Barcode | Date last seen | Price effective from | Koha item type |
|---|---|---|---|---|---|---|---|---|---|---|---|---|---|
| College of Aeronautical Engineering (CAE) | College of Aeronautical Engineering (CAE) | 04/03/2017 | 823.914 DAN | CAE86137 | 04/05/2017 | 04/05/2017 | Book |
